Nennen Sie die Kantone der Schweiz und dann die Hauptstädte - Statistiken

Allgemein
  • Dieses Quiz wurde 123 mal gespielt
    122 seit der letzten Aktualisierung
  • Das Durchschnittsergebnis liegt bei 40 aus 52
Antwortstatistiken
Hint Antwort % Korrekt
25 Genf
92%
25 Genf
92%
1 Zürich
91%
1 Zürich
91%
12 Basel
90%
2 Bern
90%
2 Bern
90%
19 Aargau
87%
23 Wallis
87%
9 Zug
87%
9 Zug
87%
16 Appenzell
86%
5 Schwyz
86%
5 Schwyz
86%
4 Uri
86%
3 Luzern
85%
3 Luzern
85%
7 Nidwalden
85%
6 Obwalden
85%
18 Graubünden
84%
26 Jura
84%
14 Schaffhausen
84%
14 Schaffhausen
84%
21 Tessin
84%
20 Thurgau
84%
22 Waadt
84%
12 Basel-Stad
82%
15 Appenzell Ausserrhoden
81%
8 Glarus
80%
8 Glarus
80%
24 Neuenburg
80%
24 Neuenburg
80%
16 Appenzell Innerrhoden
78%
13 Basel-Land
78%
10 Freiburg
78%
10 Freiburg
78%
11 Solothurn
78%
11 Solothurn
78%
17 Sankt Gallen
73%
17 Sankt Gallen
73%
18 Chur
71%
19 Aarau
68%
22 Lausanne
68%
21 Bellinzona
63%
23 Sitten
54%
20 Frauenfeld
53%
4 Altdorf
49%
13 Liestal
48%
6 Sarnen
47%
15 Herisau
43%
7 Stans
41%
26 Delsberg
37%
Keine übereinstimmenden Quizze gefunden
Verteilung der Resultate
Anzahl Personen mit jedem Resultat
Perzentil nach korrekt beantworteten Fragen
Ihre Resultats-Entwicklung
Sie haben dieses Quiz seit der letzten Aktualisierung nicht gespielt